|
|
|
|
| LEADER |
00000nam0a2200000 4500 |
| 001 |
297955 |
| 005 |
20231102001046.0 |
| 020 |
|
|
|a RU
|b 84-49357
|
| 035 |
|
|
|a (RuTPU)RU\TPU\book\323090
|
| 090 |
|
|
|a 297955
|
| 100 |
|
|
|a 20150613d1984 km y0rusy5003 ca
|
| 101 |
0 |
|
|a rus
|
| 102 |
|
|
|a RU
|
| 105 |
|
|
|a a z 000zy
|
| 200 |
1 |
|
|a Последний рубеж
|f Е. П. Севастьянов, Н. Е. Корсакова
|
| 210 |
|
|
|a Москва
|c Политиздат
|d 1984
|
| 215 |
|
|
|a 256 с.
|c ил., 8 л. ил.
|
| 606 |
1 |
|
|a Американский образ жизни
|x Политика
|2 stltpush
|3 (RuTPU)RU\TPU\subj\28894
|9 52354
|
| 610 |
1 |
|
|a США
|
| 610 |
1 |
|
|a 20 век
|
| 610 |
1 |
|
|a история
|
| 610 |
1 |
|
|a богатство
|
| 610 |
1 |
|
|a бедность
|
| 610 |
1 |
|
|a противоречия
|
| 610 |
1 |
|
|a социальные отношения
|
| 686 |
|
|
|a Ф3(7США)6
|2 rubbk
|
| 700 |
|
1 |
|a Севастьянов
|b Е. П.
|g Евгений Петрович
|4 070
|
| 701 |
|
1 |
|a Корсакова
|b Н. Е.
|g Наталья Евгеньевна
|4 070
|
| 801 |
|
0 |
|a RU
|b RuMRKP
|c 19950704
|g psbo
|
| 801 |
|
1 |
|a RU
|b 63413507
|c 20150613
|
| 801 |
|
2 |
|a RU
|b 63413507
|c 20190205
|g RCR
|
| 942 |
|
|
|c BK
|